|
|
|
|
| LEADER |
00944nam a22003132i 4500 |
| 001 |
001477916 |
| 003 |
CZ BrMZK |
| 005 |
20230918070803.0 |
| 007 |
ta |
| 008 |
150702s1951 ru er|||||||||||rus d |
| 040 |
|
|
|a PNA001
|b cze
|d BOA001
|e rda
|
| 080 |
|
|
|a 591.2
|2 MRF
|
| 080 |
|
|
|a 616.98
|2 MRF
|
| 080 |
|
|
|a 636.09
|2 MRF
|
| 080 |
|
|
|a (035)
|2 MRF
|
| 100 |
1 |
|
|a Skomorochov, A. L.
|4 aut
|
| 245 |
1 |
0 |
|a Bešenstvo životnych /
|c A.L. Skoromorochov
|
| 264 |
|
1 |
|a Moskva :
|b Sel‘chozgiz,
|c 1951
|
| 300 |
|
|
|a 23 stran
|
| 336 |
|
|
|a text
|b txt
|2 rdacontent
|
| 337 |
|
|
|a bez média
|b n
|2 rdamedia
|
| 338 |
|
|
|a svazek
|b nc
|2 rdacarrier
|
| 650 |
0 |
7 |
|a vzteklina
|7 ph127316
|2 czenas
|
| 650 |
0 |
7 |
|a nemoci živočichů
|7 ph136504
|2 czenas
|
| 650 |
0 |
7 |
|a veterinární péče
|7 ph127060
|2 czenas
|
| 910 |
|
|
|a BOA001
|b 2-0289.958
|
| 990 |
|
|
|a BK
|
| 991 |
|
|
|b 201506
|
| 996 |
7 |
|
|b 2618856738
|c 2-0289.958
|l MZK
|r Sklad / do 24 hodin
|n 0
|w 001513011
|u 000010
|a 1
|e BOA001
|j MZK50
|s A
|